[Event "Majeur-chT 0001"]
[Site "France"]
[Date "2001.??.??"]
[Round "5"]
[White "Stoven, Gilles Noel"]
[Black "Leger, Pascal"]
[Result "1-0"]
[WhiteElo "2040"]
[BlackElo "1870"]
[PlyCount "49"]
[EventDate "2000.??.??"]
[EventType "team"]
[EventRounds "9"]
[EventCountry "FRA"]
[SourceTitle "EXT 2005"]
[Source "ChessBase"]
[SourceDate "2004.11.15"]
[SourceVersion "1"]
[SourceVersionDate "2004.11.15"]
[SourceQuality "1"]

1. e4 c5 2. c3 Nf6 3. e5 Nd5 4. d4 cxd4 5. Nf3 d6 6. cxd4 Nc6 7. Bc4 Nb6 8. Bb5 d5 9. Bg5 a6 10. Be2 Bf5 11. Nbd2 Nb4 12. 0-0 Bc2 13. Qe1 Nd3 14. Bxd3 Bxd3 15. e6 f6 16. Ne5 fxe5 17. Qxe5 Qd6 18. Qe3 Bxf1 19. Bf4 Qb4 20. Rxf1 Rc8 21. Nb3 Nc4 22. Qf3 Nb6 23. Bd2 Qb5 24. Nc5 g6 25. Nxb7 1-0

[Event "Provence-ch access Meyreuil 9900"]
[Site "France"]
[Date "2000.??.??"]
[Round "8"]
[White "Mosti, Alain"]
[Black "Leger, Pascal"]
[Result "1/2-1/2"]
[WhiteElo "1650"]
[BlackElo "1720"]
[PlyCount "51"]
[EventDate "1999.??.??"]
[EventType "tourn"]
[EventRounds "9"]
[EventCountry "FRA"]
[SourceTitle "EXT 2005"]
[Source "ChessBase"]
[SourceDate "2004.11.15"]
[SourceVersion "1"]
[SourceVersionDate "2004.11.15"]
[SourceQuality "1"]

1. e4 e5 2. Nf3 Nf6 3. Nxe5 d6 4. Nf3 Nxe4 5. d4 d5 6. Bd3 Bd6 7. 0-0 0-0 8. Re1 Bg4 9. h3 Bh5 10. Bxe4 dxe4 11. Rxe4 Nc6 12. c3 f5 13. Re1 Re8 14. Nbd2 Qf6 15. Kf1 Rxe1+ 16. Qxe1 Re8 17. Qd1 Kh8 18. b3 g5 19. Nc4 Bf4 20. Bxf4 gxf4 21. Kg1 Qg7 22. Kh1 Rg8 23. Qf1 Bxf3 24. gxf3 Qg5 25. Re1 Qh5 26. Nd2 1/2-1/2

[Event "Provence-ch Majeur op 9899"]
[Site "France"]
[Date "1999.??.??"]
[Round "8"]
[White "Hileyan, Michel"]
[Black "Leger, Pascal"]
[Result "1-0"]
[WhiteElo "1850"]
[BlackElo "1840"]
[PlyCount "151"]
[EventDate "1998.??.??"]
[EventType "swiss"]
[EventRounds "9"]
[EventCountry "FRA"]
[SourceTitle "EXT 2005"]
[Source "ChessBase"]
[SourceDate "2004.11.15"]
[SourceVersion "1"]
[SourceVersionDate "2004.11.15"]
[SourceQuality "1"]

1. Nf3 Nc6 2. d4 d5 3. Bf4 Nf6 4. e3 Bg4 5. Nbd2 e6 6. Be2 Bd6 7. Bxd6 cxd6 8. 0-0 0-0 9. c4 e5 10. cxd5 Nxd5 11. Nb3 e4 12. Nfd2 Bxe2 13. Qxe2 Nf6 14. Qb5 Qe7 15. Rac1 a6 16. Qa4 d5 17. Nc5 b5 18. Qb3 Na5 19. Qd1 Nc4 20. b3 Nd6 21. Qe2 Nf5 22. Rc2 Rfe8 23. Rfc1 Rec8 24. Ncxe4 Rxc2 25. Nxf6+ Qxf6 26. Rxc2 Qe6 27. Nf3 Rc8 28. Qd2 Nd6 29. Kf1 Ne4 30. Qc1 Rxc2 31. Qxc2 g6 32. Ne5 Qf5 33. Ke1 Qe6 34. f3 Nf6 35. Qc6 Qf5 36. Qc1 Qg5 37. Kf2 Qf5 38. Ke2 Qe6 39. Kd2 Kg7 40. g4 Nd7 41. Nd3 Qd6 42. f4 Nf6 43. h3 Ne4+ 44. Kc2 b4 45. Kb2 Nc3 46. Nxb4 Na4+ 47. bxa4 Qxb4+ 48. Ka1 Qxa4 49. g5 Qb4 50. a3 Qb3 51. h4 a5 52. Qc5 Qd1+ 53. Kb2 Qd2+ 54. Qc2 Qxe3 55. Qc5 Qd2+ 56. Kb3 Qd1+ 57. Qc2 Qxd4 58. Qc3 Qxc3+ 59. Kxc3 f6 60. Kd4 fxg5 61. fxg5 Kf7 62. Kxd5 Ke7 63. a4 Kd7 64. Kc5 Ke6 65. Kb5 Kf5 66. Kxa5 Kg4 67. Kb4 Kxh4 68. a5 Kxg5 69. a6 h5 70. a7 h4 71. a8Q Kg4 72. Qg2+ Kh5 73. Qf3+ Kg5 74. Kc4 Kh6 75. Qg4 g5 76. Kd5 1-0

[Event "Provence-ch Majeur op 9899"]
[Site "France"]
[Date "1999.??.??"]
[Round "6"]
[White "Leger, Pascal"]
[Black "Coolen, Olivier"]
[Result "1/2-1/2"]
[WhiteElo "1840"]
[BlackElo "1740"]
[PlyCount "103"]
[EventDate "1998.??.??"]
[EventType "swiss"]
[EventRounds "9"]
[EventCountry "FRA"]
[SourceTitle "EXT 2005"]
[Source "ChessBase"]
[SourceDate "2004.11.15"]
[SourceVersion "1"]
[SourceVersionDate "2004.11.15"]
[SourceQuality "1"]

1. e4 g6 2. d4 Bg7 3. Nf3 d6 4. Nc3 Nf6 5. Be2 0-0 6. 0-0 c5 7. d5 a6 8. a4 e6 9. Bg5 Qb6 10. Qd2 exd5 11. exd5 Re8 12. a5 Qc7 13. Bd3 c4 14. Qf4 cxd3 15. Bxf6 dxc2 16. Bxg7 Kxg7 17. Ne4 Rxe4 18. Qxe4 Bf5 19. Qd4+ Kg8 20. Rfe1 Nd7 21. g4 Ne5 22. Nxe5 dxe5 23. Qxe5 Qxe5 24. Rxe5 Bxg4 25. d6 Rd8 26. Rd5 h5 27. Rc1 Bf5 28. Kf1 Kf8 29. Ke2 Ke8 30. Kd2 Kd7 31. Re1 Rc8 32. Kc1 Be6 33. Rd2 Rc5 34. b4 Rb5 35. Re4 Rg5 36. Re1 Rb5 37. Rd4 Rf5 38. Re2 Rg5 39. Rxc2 Bd5 40. f4 Rf5 41. Rc7+ Kd8 42. Rc5 Be6 43. Rxf5 Bxf5 44. Kd2 Kd7 45. Kc3 Be6 46. Kd3 f6 47. h4 Kc6 48. Kc3 Bd7 49. Kd3 Be6 50. Ke4 Bf5+ 51. Ke3 Be6 52. Ke4 1/2-1/2

[Event "Provence-ch access Meyreuil 9900"]
[Site "France"]
[Date "1999.??.??"]
[Round "3"]
[White "Leger, Pascal"]
[Black "Mamert, Robert"]
[Result "1-0"]
[WhiteElo "1720"]
[BlackElo "1810"]
[PlyCount "38"]
[EventDate "1999.??.??"]
[EventType "tourn"]
[EventRounds "9"]
[EventCountry "FRA"]
[SourceTitle "EXT 2005"]
[Source "ChessBase"]
[SourceDate "2004.11.15"]
[SourceVersion "1"]
[SourceVersionDate "2004.11.15"]
[SourceQuality "1"]

1. e4 Nf6 2. e5 Nd5 3. d4 d6 4. Nf3 g6 5. Bc4 Nb6 6. Bb3 Bg7 7. Ng5 e6 8. Qf3 0-0 9. Qh3 h6 10. Nf3 dxe5 11. dxe5 Nc6 12. Bxh6 Nxe5 13. Bxg7 Nxf3+ 14. Qxf3 Kxg7 15. Nc3 c5 16. Rd1 Qc7 17. 0-0 c4 18. Ba4 Nxa4 19. Nxa4 b5 1-0

[Event "Provence-ch Majeur op 9899"]
[Site "France"]
[Date "1999.??.??"]
[Round "5"]
[White "Zazzi, Clement"]
[Black "Leger, Pascal"]
[Result "1-0"]
[WhiteElo "1750"]
[BlackElo "1840"]
[PlyCount "87"]
[EventDate "1998.??.??"]
[EventType "swiss"]
[EventRounds "9"]
[EventCountry "FRA"]
[SourceTitle "EXT 2005"]
[Source "ChessBase"]
[SourceDate "2004.11.15"]
[SourceVersion "1"]
[SourceVersionDate "2004.11.15"]
[SourceQuality "1"]

1. e4 Nc6 2. d4 e5 3. Nf3 exd4 4. Nxd4 Nf6 5. Bg5 Be7 6. Nc3 Nxe4 7. Bxe7 Qxe7 8. Nd5 Nc3+ 9. Nxe7 Nxd1 10. Nexc6 Nxb2 11. Nb4 0-0 12. Nd5 c6 13. Ne7+ Kh8 14. Nxc8 Raxc8 15. Rb1 Rfe8+ 16. Kd2 Na4 17. Bd3 Nc5 18. Rhe1 g6 19. Rxe8+ Rxe8 20. Re1 Rxe1 21. Kxe1 Kg7 22. Kd2 Kf6 23. Nf3 Ne6 24. Ke3 d5 25. c4 Nc7 26. cxd5 Nxd5+ 27. Kd4 Nf4 28. Bf1 Ne6+ 29. Kc4 g5 30. a4 b6 31. Nd4 Nxd4 32. Kxd4 h5 33. Be2 g4 34. Bc4 h4 35. Ke4 Kg6 36. Kf4 Kf6 37. Kxg4 Ke5 38. f4+ Kd4 39. Bxf7 b5 40. axb5 cxb5 41. f5 a5 42. Be8 a4 43. f6 a3 44. f7 1-0

[Event "Provence-ch access Meyreuil 9798"]
[Site "France"]
[Date "1998.??.??"]
[Round "5"]
[White "Jouanny, Sebastien"]
[Black "Leger, Pascal"]
[Result "0-1"]
[WhiteElo "1720"]
[BlackElo "1780"]
[PlyCount "40"]
[EventDate "1997.??.??"]
[EventType "tourn"]
[EventRounds "9"]
[EventCountry "FRA"]
[SourceTitle "EXT 2005"]
[Source "ChessBase"]
[SourceDate "2004.11.15"]
[SourceVersion "1"]
[SourceVersionDate "2004.11.15"]
[SourceQuality "1"]

1. e4 e5 2. Bb5 Nc6 3. d3 Nd4 4. Ba4 b5 5. Bb3 Nxb3 6. axb3 Nf6 7. Nf3 d5 8. exd5 Qxd5 9. Nc3 Bb4 10. Bd2 Bxc3 11. Bxc3 0-0 12. h3 Re8 13. 0-0 Bb7 14. Re1 Nd7 15. b4 Re6 16. Re3 f5 17. Qf1 f4 18. Re2 Rg6 19. Nh4 Rg5 20. Nf3 Qxf3 0-1

[Event "Provence-ch access Vitrolles 9697"]
[Site "France"]
[Date "1997.??.??"]
[Round "4"]
[White "Jouanny, Sebastien"]
[Black "Leger, Pascal"]
[Result "0-1"]
[WhiteElo "1640"]
[BlackElo "1630"]
[PlyCount "122"]
[EventDate "1996.??.??"]
[EventType "tourn"]
[EventRounds "7"]
[EventCountry "FRA"]
[SourceTitle "EXT 2005"]
[Source "ChessBase"]
[SourceDate "2004.11.15"]
[SourceVersion "1"]
[SourceVersionDate "2004.11.15"]
[SourceQuality "1"]

1. e4 Nc6 2. Nf3 d6 3. d4 Bg4 4. Be2 e6 5. c4 g6 6. Nc3 Bg7 7. Be3 Nf6 8. 0-0 0-0 9. Qc2 Nd7 10. Rfd1 Bxf3 11. Bxf3 f5 12. exf5 exf5 13. Bxc6 bxc6 14. f3 Re8 15. Bf2 Qg5 16. Qd2 Qh5 17. Bg3 Bh6 18. Qd3 Re3 19. Qc2 Qg5 20. f4 Qg4 21. Qf2 Rae8 22. Re1 R3e7 23. h3 Qh5 24. Rxe7 Rxe7 25. Re1 Kf7 26. Rxe7+ Kxe7 27. Qe2+ Qxe2 28. Nxe2 Bg7 29. b3 Ke6 30. Be1 Nf6 31. Kf2 Ne4+ 32. Ke3 Bf6 33. Kd3 d5 34. Nc3 Be7 35. cxd5+ cxd5 36. Nb5 Bd6 37. Nxd6 Kxd6 38. Bb4+ Kc6 39. Bf8 Kb5 40. a4+ Kb6 41. b4 c6 42. Be7 a6 43. Kc2 Kc7 44. Kd3 Kd7 45. Bc5 Ke6 46. Bf8 Kf6 47. Bc5 g5 48. fxg5+ Kxg5 49. Bb6 f4 50. Bc7 f3 51. gxf3 Nf2+ 52. Ke3 Nxh3 53. Bh2 Kh4 54. f4 Kg4 55. a5 h5 56. f5 Kxf5 57. Kf3 Ng5+ 58. Ke3 Kg4 59. Bc7 h4 60. Bb8 Nf3 61. Bc7 h3 0-1